<?xml version="1.0" encoding="UTF-8"?><?xml-stylesheet type="text/xsl" href="static/style.xsl"?><OAI-PMH xmlns="http://www.openarchives.org/OAI/2.0/" xmlns:xsi="http://www.w3.org/2001/XMLSchema-instance" xsi:schemaLocation="http://www.openarchives.org/OAI/2.0/ http://www.openarchives.org/OAI/2.0/OAI-PMH.xsd"><responseDate>2026-04-13T04:48:51Z</responseDate><request verb="GetRecord" identifier="oai:www.recercat.cat:2099.1/18554" metadataPrefix="marc">https://recercat.cat/oai/request</request><GetRecord><record><header><identifier>oai:recercat.cat:2099.1/18554</identifier><datestamp>2025-07-22T19:13:21Z</datestamp><setSpec>com_2072_1033</setSpec><setSpec>col_2072_452951</setSpec></header><metadata><record xmlns="http://www.loc.gov/MARC21/slim" xmlns:dcterms="http://purl.org/dc/terms/" xmlns:xsi="http://www.w3.org/2001/XMLSchema-instance" xmlns:doc="http://www.lyncode.com/xoai" xsi:schemaLocation="http://www.loc.gov/MARC21/slim http://www.loc.gov/standards/marcxml/schema/MARC21slim.xsd">
   <leader>00925njm 22002777a 4500</leader>
   <datafield ind2=" " ind1=" " tag="042">
      <subfield code="a">dc</subfield>
   </datafield>
   <datafield ind2=" " ind1=" " tag="720">
      <subfield code="a">Orobitg Boyer, Gerard</subfield>
      <subfield code="e">author</subfield>
   </datafield>
   <datafield ind2=" " ind1=" " tag="260">
      <subfield code="c">2012-06-27</subfield>
   </datafield>
   <datafield ind2=" " ind1=" " tag="520">
      <subfield code="a">Aquest treball de fi de màster pretén realitzar un recull dels recursos TIC (Tecnologies de la Informació i Comunicació) més interessants disponibles actualment, seguint les premisses que siguin gratuïts i multi plataforma. Aquest recull és agrupat segons el temari que es treballa a l’aula d’acollida o per tecnologia que es pot utilitzar dins l’aula. D’aquesta manera es facilita la tasca del professor a l’hora de cercar aquell recurs que més li interessi, o segons el temari a treballar a la sessió veure si existeix o no un recurs TIC que es pugui utilitzar. L’agrupació utilitzada en aquest treball de fi de màster és la següent: correu electrònic, cercadors, diccionaris, enciclopèdies, traductors, català, matemàtiques, medi, blogs, WebQuest, presentacions, vídeos en línia, premsa, còmics i altres.&#xd;
Per a cadascun dels materials TIC presentats en aquest treball de fi de màster es planteja una activitat o com es podria utilitzar el recurs, que prèviament s’ha presentat, dins l’aula d’acollida, fent d’aquesta manera, la transformació de recurs TIC a un eficaç recurs TAC (Tecnologies del Aprenentatge i del Coneixement).&#xd;
Per finalitzar el treball de fi de màster, es detalla una activitat utilitzant un recurs TIC. Aquesta activitat és plantejada per alumnes en edat de cursar l’ESO, i com a previ pas de la seva incorporació a l’aula ordinària, per tant, està orientat a alumnes d’aula d’acollida amb força nivell de català. Per finalitzar l’activitat, l’alumne ha d’exposar el seu treball en horari de tutories davant la resta de companys. D’’aquesta manera es milloren les habilitats socials tant de l’alumne nouvingut com de la resta de companys.</subfield>
   </datafield>
   <datafield tag="653" ind2=" " ind1=" ">
      <subfield code="a">Àrees temàtiques de la UPC::Ensenyament i aprenentatge::TIC's aplicades a l'educació</subfield>
   </datafield>
   <datafield tag="653" ind2=" " ind1=" ">
      <subfield code="a">Àrees temàtiques de la UPC::Ensenyament i aprenentatge::Educació especial::Educació d'immigrants</subfield>
   </datafield>
   <datafield tag="653" ind2=" " ind1=" ">
      <subfield code="a">School integration -- Study and teaching (Secondary)</subfield>
   </datafield>
   <datafield tag="653" ind2=" " ind1=" ">
      <subfield code="a">Technology -- Study and Teaching (Secondary)</subfield>
   </datafield>
   <datafield tag="653" ind2=" " ind1=" ">
      <subfield code="a">TIC</subfield>
   </datafield>
   <datafield tag="653" ind2=" " ind1=" ">
      <subfield code="a">TAC</subfield>
   </datafield>
   <datafield tag="653" ind2=" " ind1=" ">
      <subfield code="a">Aula d'acollida</subfield>
   </datafield>
   <datafield tag="653" ind2=" " ind1=" ">
      <subfield code="a">Activitat</subfield>
   </datafield>
   <datafield tag="653" ind2=" " ind1=" ">
      <subfield code="a">Català</subfield>
   </datafield>
   <datafield tag="653" ind2=" " ind1=" ">
      <subfield code="a">Integració escolar -- Educació secundària</subfield>
   </datafield>
   <datafield tag="653" ind2=" " ind1=" ">
      <subfield code="a">Tecnologia -- Educació secundària</subfield>
   </datafield>
   <datafield ind2="0" ind1="0" tag="245">
      <subfield code="a">Utilització i recull de recursos TIC a l’aula d’acollida</subfield>
   </datafield>
</record></metadata></record></GetRecord></OAI-PMH>